000 00287nam a22001217a 4500
020 _a0-471-61355-X
082 _a621.381 JON'I
100 _aJONES, K. A
_957055
245 _aINTRODUCTION TO OPTICAL ELECTRONICS
260 _aLONDON
_bJOHN WILEY
_c1991
300 _a430P
942 _cBK
999 _c567362
_d567362